Carteggio D'Annunzio-Hérelle (1891-1931) /

Bibliographic Details
Main Author: D'Annunzio, Gabriele, 1863-1938
Other Authors: Hérelle, G. (Georges), 1848-1935, Cimini, Mario
Format: Book
Language:Italian
Language Notes:Italian, French.
Published: Lanciano : R. Carabba, [2004]
Series:Biblioteca del particolare ; 4.
Subjects:

MARC

Tag First Indicator Second Indicator Subfields
LEADER 00000cam a2200000 a 4500
001 in00002000308
005 20151031124740.0
008 040614s2004 it af b 001 0cita c
020 |a 8888340556 
029 0 |a C3L  |b 04907448 
035 |a (OCoLC)ocm55652399 
040 |a C3L  |c C3L  |d TXA  |d UtOrBLW 
042 |a pcc 
043 |a e-it---  |a e-fr--- 
045 |a w1w9  |a x0x4 
049 |a TXAM 
050 4 |a PQ4804  |b .A433 2004 
082 1 4 |a 851  |2 12 
100 1 |a D'Annunzio, Gabriele,  |d 1863-1938. 
240 1 0 |a Correspondence.  |k Selections 
245 1 0 |a Carteggio D'Annunzio-Hérelle (1891-1931) /  |c a cura di Mario Cimini. 
264 1 |a Lanciano :  |b R. Carabba,  |c [2004] 
264 4 |c ©2004 
300 |a 799 pages :  |b illustrations, facsimiles ;  |c 21 cm. 
336 |a text  |b txt  |2 rdacontent 
337 |a unmediated  |b n  |2 rdamedia 
338 |a volume  |b nc  |2 rdacarrier 
490 1 |a La biblioteca del particolare ;  |v 4 
546 |a Italian, French. 
504 |a Includes bibliographical references and indexes. 
600 1 0 |a D'Annunzio, Gabriele,  |d 1863-1938  |v Correspondence. 
600 1 0 |a Hérelle, G.  |q (Georges),  |d 1848-1935  |v Correspondence. 
650 0 |a Authors, Italian  |y 20th century  |v Correspondence. 
700 1 |a Hérelle, G.  |q (Georges),  |d 1848-1935.  |t Correspondence.  |k Selections. 
700 1 |a Cimini, Mario. 
830 0 |a Biblioteca del particolare ;  |v 4. 
938 |a Casalini Libri  |b CASA  |n 04907448  |c 21.00 EUR 
948 |a cataloged  |b h  |c 2004/10/22  |d c  |e fpiscitelli  |f 12:44:13 pm 
994 |a E0  |b TXA 
999 |a MARS 
999 f f |s bd894b87-c3d5-3ad3-8b23-2aad5fd5f63b  |i 8c7478a7-fcfd-36b9-be5c-19c7b87fe7a1  |t 0 
952 f f |p ric  |a Texas A&M University  |b Rellis Campus  |c Joint Library Facility  |d Remote Storage  |t 0  |e PQ4804 .A433 2004  |h Library of Congress classification  |i unmediated -- volume  |m A14832241118 
998 f f |a PQ4804 .A433 2004  |t 0  |l Remote Storage